000 00530nam a2200193 a 4500
005 20140310183510.0
008 101014s19uu xx 00 eng d
020 _a9781844454747
050 _aLB 1115
_b.N33 2010
100 _aNeaum, Sally
245 _aChild development for early childhood studies /
260 _aExeter :
_bLearning Matters,
_c2010.
300 _a145 p. :
_bill. ;
_c25 cm.
521 _aPSYCH
650 _aChild development.
650 _aChild psychology.
942 _cBK
_2lcc
_kFOR
999 _c24167
_d24167